00644nam a22002057a 4500003000400000005001700004008003100021020001800052040002500070082002200095100003900117245005900156260005100215300002300266490001500289500007100304650002200375650002600397830001500423OSt20240530073925.0210322b 2020 dr a 00| 0 eng d a9789945503838 aDO-SdBNPbspacBNPHU 4222aRD863.5bJ61d1 aJiménez Guillen, Isidro, d1987-10aDe la esquina se ve todo /cIsidro Jiménez Guillén aSanto Domingo : bEdiciones Ferilibro, c2020. a112 p. ; c21 cm. 1 aNarrativa  aIncluye datos biográficos del autor en la solapa de la cubierta. 0aNovela dominicana 4aLiteratura dominicana 0aNarrativa